港鐵路綫圖--港铁路线图Route Map of MTR - Statistics

General Stats
  • This quiz has been taken 182 times
  • The average score is 54 of 98
Answers on the Map
Answers color-coded by a green-red scale on the quiz's map according to % correct below.
 
Answer Stats
答案 % Correct
九龍站
87%
迪士尼站
86%
羅湖站
85%
荃灣站
85%
旺角站
85%
中環站
85%
香港站
85%
落馬洲站
83%
油麻地站
80%
尖沙咀站
80%
機場站
80%
將軍澳站
80%
大學站
79%
金鐘站
79%
紅磡站
78%
太子站
77%
上水站
75%
觀塘站
75%
堅尼地城站
75%
香港大學站
75%
東涌站
72%
屯門站
71%
馬場站
69%
青衣站
69%
上環站
68%
火炭站
67%
銅鑼灣站
67%
欣澳站
67%
元朗站
66%
九龍塘站
65%
南昌站
65%
博覽館站
65%
尖東站
65%
會展站
62%
沙田站
61%
旺角東站
61%
黃大仙站
61%
灣仔站
61%
海洋公園站
61%
海怡半島站
60%
北角站
59%
柴灣站
59%
大埔墟站
58%
佐敦站
58%
粉嶺站
57%
鑽石山站
57%
奧運站
57%
柯士甸站
57%
何文田站
56%
深水埗站
55%
馬鞍山站
55%
天后站
54%
康城站
54%
長沙灣站
53%
西營盤站
53%
大圍站
51%
彩虹站
51%
美孚站
50%
黃埔站
50%
烏溪沙站
49%
杏花邨站
48%
調景嶺站
47%
荔景站
46%
啟德站
46%
葵芳站
45%
荔枝角站
45%
荃灣西站
45%
炮台山站
43%
寶琳站
43%
黃竹坑站
43%
天水圍站
41%
土瓜灣站
41%
九龍灣站
40%
油塘站
40%
宋皇臺站
40%
利東站
40%
太和站
38%
葵興站
38%
藍田站
36%
鰂魚涌站
36%
大窩口站
35%
石硤尾站
35%
太古站
35%
錦上路站
35%
車公廟站
35%
第一城站
35%
樂富站
34%
牛頭角站
33%
坑口站
31%
顯徑站
31%
西灣河站
30%
兆康站
29%
朗屏站
25%
沙田圍站
25%
石門站
25%
大水坑站
25%
恆安站
21%
筲箕灣站
17%
No matching quizzes found
Score Distribution
Percent of People with Each Score
Percentile by Number Answered
Your Score History
You have not taken this quiz